<?xml version="1.0" encoding="UTF-8"?>
<collection xmlns="http://www.loc.gov/MARC21/slim">
 <record>
  <leader>02266nam a22002777a 4500</leader>
  <controlfield tag="001">NCT_67667</controlfield>
  <controlfield tag="008">190904b        xxu||||| |||| 00| 0 vie d</controlfield>
  <datafield tag="999" ind1=" " ind2=" ">
   <subfield code="c">3271</subfield>
   <subfield code="d">3271</subfield>
  </datafield>
  <datafield tag="020" ind1=" " ind2=" ">
   <subfield code="a">9786045879351</subfield>
   <subfield code="c">128000</subfield>
  </datafield>
  <datafield tag="082" ind1="0" ind2="4">
   <subfield code="2">23rd ed.</subfield>
   <subfield code="a">658.403</subfield>
   <subfield code="b">H612</subfield>
  </datafield>
  <datafield tag="100" ind1="1" ind2=" ">
   <subfield code="a">Hibino, Shozo</subfield>
  </datafield>
  <datafield tag="245" ind1="1" ind2="0">
   <subfield code="a">Tư duy đột phá = </subfield>
   <subfield code="b">Breakthrough Thinking : Cuốn sách của thế hệ mới</subfield>
   <subfield code="c">Shozo Hibino, Gerald Nadler ; Vương Long (dịch) </subfield>
  </datafield>
  <datafield tag="250" ind1=" " ind2=" ">
   <subfield code="a">Tái bản lần thứ 7</subfield>
  </datafield>
  <datafield tag="260" ind1=" " ind2=" ">
   <subfield code="a">Tp. Hồ Chí Minh</subfield>
   <subfield code="b">Tổng hợp Tp. Hồ Chí Minh</subfield>
   <subfield code="c">2019</subfield>
  </datafield>
  <datafield tag="300" ind1=" " ind2=" ">
   <subfield code="a">415 tr.</subfield>
   <subfield code="b">biểu bảng</subfield>
   <subfield code="c">21cm</subfield>
  </datafield>
  <datafield tag="520" ind1="3" ind2=" ">
   <subfield code="a">Quyển sách đưa ra 7 nguyên tắc tư duy đột phá, được đúc kết qua 30 năm nghiên cứu về các phương pháp sử dụng trực giác của những chuyên gia thành công nhất trong việc giải quyết và ngăn chặn vấn đề nhằm giúp chúng ta nhận diện đúng vấn đề và xác định cách thực hiện, tập trung vào các giải pháp trong tương lai, tiếp cận những giải pháp đơn giản, đưa ra những giải pháp chất lượng, kinh tế và tiết kiệm thời gian và nhiều lợi ích khác.</subfield>
  </datafield>
  <datafield tag="653" ind1=" " ind2=" ">
   <subfield code="a">Sách tham khảo</subfield>
  </datafield>
  <datafield tag="700" ind1="1" ind2=" ">
   <subfield code="a">Nadler, Gerald</subfield>
  </datafield>
  <datafield tag="700" ind1="1" ind2=" ">
   <subfield code="a">Vương Long</subfield>
   <subfield code="e">Dịch</subfield>
  </datafield>
  <datafield tag="942" ind1=" " ind2=" ">
   <subfield code="2">ddc</subfield>
   <subfield code="c">BK</subfield>
  </datafield>
  <datafield tag="952" ind1=" " ind2=" ">
   <subfield code="0">0</subfield>
   <subfield code="1">0</subfield>
   <subfield code="2">ddc</subfield>
   <subfield code="4">0</subfield>
   <subfield code="6">658_403000000000000_H612</subfield>
   <subfield code="7">0</subfield>
   <subfield code="9">17574</subfield>
   <subfield code="a">000001</subfield>
   <subfield code="b">000001</subfield>
   <subfield code="d">2019-09-04</subfield>
   <subfield code="o">658.403 H612</subfield>
   <subfield code="p">TK.01631</subfield>
   <subfield code="r">2019-09-04</subfield>
   <subfield code="v">128000.00</subfield>
   <subfield code="w">2019-09-04</subfield>
   <subfield code="y">BK</subfield>
  </datafield>
  <datafield tag="952" ind1=" " ind2=" ">
   <subfield code="0">0</subfield>
   <subfield code="1">0</subfield>
   <subfield code="2">ddc</subfield>
   <subfield code="4">0</subfield>
   <subfield code="6">658_403000000000000_H612</subfield>
   <subfield code="7">0</subfield>
   <subfield code="9">17575</subfield>
   <subfield code="a">000001</subfield>
   <subfield code="b">000001</subfield>
   <subfield code="d">2019-09-04</subfield>
   <subfield code="o">658.403 H612</subfield>
   <subfield code="p">TK.01632</subfield>
   <subfield code="r">2019-09-04</subfield>
   <subfield code="v">128000.00</subfield>
   <subfield code="w">2019-09-04</subfield>
   <subfield code="y">BK</subfield>
  </datafield>
  <datafield tag="952" ind1=" " ind2=" ">
   <subfield code="0">0</subfield>
   <subfield code="1">0</subfield>
   <subfield code="2">ddc</subfield>
   <subfield code="4">0</subfield>
   <subfield code="6">658_403000000000000_H612</subfield>
   <subfield code="7">0</subfield>
   <subfield code="9">17576</subfield>
   <subfield code="a">000001</subfield>
   <subfield code="b">000001</subfield>
   <subfield code="d">2019-09-04</subfield>
   <subfield code="o">658.403 H612</subfield>
   <subfield code="p">TK.01633</subfield>
   <subfield code="r">2019-09-04</subfield>
   <subfield code="v">128000.00</subfield>
   <subfield code="w">2019-09-04</subfield>
   <subfield code="y">BK</subfield>
  </datafield>
  <datafield tag="952" ind1=" " ind2=" ">
   <subfield code="0">0</subfield>
   <subfield code="1">0</subfield>
   <subfield code="2">ddc</subfield>
   <subfield code="4">0</subfield>
   <subfield code="6">658_403000000000000_H612</subfield>
   <subfield code="7">0</subfield>
   <subfield code="9">17577</subfield>
   <subfield code="a">000001</subfield>
   <subfield code="b">000001</subfield>
   <subfield code="d">2019-09-04</subfield>
   <subfield code="o">658.403 H612</subfield>
   <subfield code="p">TK.01634</subfield>
   <subfield code="r">2019-09-04</subfield>
   <subfield code="v">128000.00</subfield>
   <subfield code="w">2019-09-04</subfield>
   <subfield code="y">BK</subfield>
  </datafield>
  <datafield tag="952" ind1=" " ind2=" ">
   <subfield code="0">0</subfield>
   <subfield code="1">0</subfield>
   <subfield code="2">ddc</subfield>
   <subfield code="4">0</subfield>
   <subfield code="6">658_403000000000000_H612</subfield>
   <subfield code="7">0</subfield>
   <subfield code="9">17578</subfield>
   <subfield code="a">000001</subfield>
   <subfield code="b">000001</subfield>
   <subfield code="d">2019-09-04</subfield>
   <subfield code="o">658.403 H612</subfield>
   <subfield code="p">TK.01635</subfield>
   <subfield code="r">2019-09-04</subfield>
   <subfield code="v">128000.00</subfield>
   <subfield code="w">2019-09-04</subfield>
   <subfield code="y">BK</subfield>
  </datafield>
  <datafield tag="980" ind1=" " ind2=" ">
   <subfield code="a">Thư viện Trường Đại học Nam Cần Thơ</subfield>
  </datafield>
 </record>
</collection>
